Agravantes y atenuantes del Código Penal español - Estadísticas

Estadísticas generales
  • Esta prueba ha sido intentada 30 veces
  • La puntuación promedio es 8 de 15
Estadísticas de respuestas
Pista Respuesta % Correcto
AG Alevosía
94%
AG Disfraz
67%
AT Confesión
61%
AG Abuso de confianza
56%
AG Ensañamiento
56%
AG Motivos discriminatorios
56%
AT Estados pasionales
50%
AG Abuso de superioridad
44%
AT Dilaciones indebidas
44%
AT Grave adicción al alcohol o a las drogas
44%
AG Precio, recompensa o promesa
44%
AG Reincidencia
44%
AT Reparación del daño
44%
AG Circunstancias de lugar, tiempo o auxilio de otras personas
28%
AG Prevalimiento de la función pública
22%
No se encontraron pruebas coincidentes
Distribución de puntuación
Porcentaje de gente con cada puntuación
Porcentaje por número respondido
Historial de tus puntuaciones
No has intentado esta prueba.